000 01048nam a22002537a 4500
005 20110826155823.0
010 _aG-001067
020 _c16.00
_a 8189454112
035 _aG-001067
037 _bशब्द साधना
082 _a920
100 _aगोयल, रामगोपाल
_933777
245 _aभारत की मुस्लिम महिला स्वतंत्रता सेनानी /
_cरामगोपाल गोयल
246 _a
_b
260 _aअजमेर
_bशब्द साधना
_c2008
270 _a59 शास्त्री नगर,
_bअजमेर
_e
_k
300 _a16पृ.
_c21 सेमी(अजिल्द)
_bसचित्र
650 _a
_933778
700 _925138
700 _925157
942 _adpl
_cCH
_2ddc
_mगोयल
_h920
999 _c56020
_d56020